=LDR 00000nam 2200000 4500 =001 INLIS000000000005666 =005 20201217121902 =035 ##$$a 0010-061300000005666 =008 201217################g##########0#ind## =041 ##$$a Ind =082 ##$$a 294.54 =090 ##$$a 294.54, Kal n =100 ##$$a Kaler, I Gusti Ketut =245 1#$$a Ngaben : $b Mengapa mayat dibakar? /$c I Gusti Ketut Kaler; penyunting, Wayan Supartha =260 ##$$a Denpasar :$b Yayasan Dharma Naradha,$c 1993 =300 ##$$a xix, 154 hlm. ; $c 19 x 13 cm. =650 #4$$a Kremasi - Hindu =700 #$$a Supartha, Wayan =020 ##$$a 979-8357-04-3 =084 ##$$a 294.54 KAL n =990 ##$$a 69.604/Pro-94